• 首页
  • 本馆介绍
  • 公告通知
  • 最新文献
  • 馆藏检索
  • 电子资源
  • 读者导购
  • 参考咨询
  • 我的图书馆
  • 登录
  • 详细信息显示
  • 放入我的书架
  • 预约/预借图书
  • 作者相关作品
  • 分类相关作品
  • 丛书相关作品
  • 出版社相关作品

书目信息

  • 表格格式
  • 工作单格式
  • 卡片格式
题名:
怎样提高英语技能
    
 
作者: 王德印 执笔
分册:  
出版信息: 北京   工人出版社  1989.2
页数: 119页
开本: 19cm
丛书名: 学习与应考百页丛书
单 册:
中图分类: H314 , H31
科图分类:
主题词: 英语--高等学校--入学考试--升学参考资料 , 英语
电子资源:
ISBN: 7-5008-0253-6
000 00834nam2 2200289 45
001 0189025574
005 20040511151113.2
010    @a7-5008-0253-6@dCNY1.30
020    @aCN@b89025574
100    @a19911017d1989 m y0chiy0120 ea
101 0  @achi
102    @aCN@b110000
105    @ay z 000yy
106    @ar
200 10 @a怎样提高英语技能@Azen yang ti gao ying yu ji neng@f王德印执笔@Fwang de yin zhi bi
210    @a北京@c工人出版社@d1989.2
215    @a119页@d19cm
225 2  @a学习与应考百页丛书@f师尼罗等编
410  0 @120010@a学习与应考百页丛书
540 1  @a英语 技能@Aying yu ji neng
606    @a英语@x高等学校@x入学考试@x升学参考资料
606 0  @a英语
690    @aH314@v1980
690    @aH31
701  0 @a王德印@Awang de yin@4执笔
801  0 @aCN@bNLC@c19911017
905    @f4@b221568-571@dH31@e297
    
    怎样提高英语技能/王德印执笔.-北京:工人出版社,1989.2
    119页;19cm.-(学习与应考百页丛书/师尼罗等编)
    
    
    ISBN 7-5008-0253-6:CNY1.30
    
●
相关链接 在E读中查询图书 在五车中查询图书 在当当中查询图书 在豆瓣中查询图书


正题名:怎样提高英语技能     索取号:H31/297         预约/预借

序号 登录号 条形码 馆藏地/架位号 状态 备注
1 0221568   000943750   密集书库/ [索取号:H31/297] 在馆    
2 0221569   000943723   密集书库/ [索取号:H31/297] 在馆    
3 0221570   000943769   密集书库/ [索取号:H31/297] 在馆    
4 0221571   000943812   第四借阅区/ [索取号:H31/297] 在馆    
5 0221572   000943778   第二样本阅览室/ [索取号:H31/297] 在馆    
唐山师范学院图书馆 欢迎您!
大连网信软件有限公司© 版权所有